Qu'est-ce que la connaissance / (Record no. 96203)

MARC details
000 -LEADER
campo de control de longitud fija 00843nam a2200313Mi 4500
001 - NÚMERO DE CONTROL
campo de control 97588
005 - FECHA Y HORA DE LA ÚLTIMA TRANSACCIÓN
campo de control 20230410143126.0
008 - DATOS DE LONGITUD FIJA--INFORMACIÓN GENERAL
campo de control de longitud fija 101005s2010 fr 000 0 fre d
035 ## - NÚMERO DE CONTROL DEL SISTEMA
Número de control de sistema (OCoLC)ocn673073589
040 ## - FUENTE DE CATALOGACIÓN
Centro catalogador/agencia de origen TZT
Centro/agencia transcriptor TZT
020 ## - NÚMERO INTERNACIONAL ESTÁNDAR DEL LIBRO
Número Internacional Estándar del Libro 9782711622856
020 ## - NÚMERO INTERNACIONAL ESTÁNDAR DEL LIBRO
Número Internacional Estándar del Libro 2711622851
035 ## - NÚMERO DE CONTROL DEL SISTEMA
Número de control de sistema (OCoLC)673073589
072 #7 - CÓDIGO DE CATEGORÍA DE MATERIA
Código de categoría de materia B
Fuente lcco
082 14 - NÚMERO DE LA CLASIFICACIÓN DECIMAL DEWEY
Número de clasificación 194
Número de edición 1
050 14 - SIGNATURA TOPOGRÁFICA DE LA BIBLIOTECA DEL CONGRESO
Número de clasificación bD975q 2010
049 ## - FONDOS LOCALES (OCLC)
Biblioteca depositaria GRAL
100 1# - ENTRADA PRINCIPAL--NOMBRE DE PERSONA
Nombre de persona Dutant, Julien.
245 10 - MENCIÓN DEL TÍTULO
Título Qu'est-ce que la connaissance /
Mención de responsabilidad, etc. Julien Dutant.
260 ## - PUBLICACIÓN, DISTRIBUCIÓN, ETC.
Lugar de publicación, distribución, etc. Paris :
Nombre del editor, distribuidor, etc. Vrin,
Fecha de publicación, distribución, etc. 2010.
300 ## - DESCRIPCIÓN FÍSICA
Extensión 128 p.
490 1# - MENCIÓN DE SERIE
Mención de serie Chemins philosophiques,
Número Internacional Normalizado para Publicaciones Seriadas 1762-7184
653 ## - TÉRMINO DE INDIZACIÓN--NO CONTROLADO
Término no controlado Philosophy
-- Knowledge
830 #0 - PUNTO DE ACCESO ADICIONAL DE SERIE-TÍTULO UNIFORME
Título uniforme Chemins philosophiques.
Número Internacional Normalizado para Publicaciones Seriadas 1762-7184
938 ## -
-- Jean Touzot Libraire Editeur
-- TOUZ
-- JTL00280345
-- 8 EUR
942 ## - ELEMENTOS DE ENTRADA SECUNDARIOS (KOHA)
Fuente del sistema de clasificación o colocación Clasificación de Library of Congress
Tipo de ítem Koha
946 ## - PROCESAMIENTO DE INFORMACIÓN LOCAL (OCLC)
a mjcruz
994 ## -
-- C0
-- DRFGD
Holdings
Estatus retirado Estado de pérdida Fuente del sistema de clasificación o colocación Estado de daño No para préstamo Colección Biblioteca de origen Biblioteca actual Ubicación en estantería Fecha de adquisición Signatura topográfica completa Código de barras Visto por última vez Copia número Tipo de ítem Koha
    Clasificación de Library of Congress     Automatización y Procesos Técnicos Biblioteca Juan Bosch Biblioteca Juan Bosch Automatización y Procesos Técnicos (1er. Piso) 10/04/2023 D975q 2010 00000091163 21/01/2019 1